Geography Quiz

Random Geography or State Quiz

Ultimate Geography Challenge 'C' Quiz Stats

 Plays Quiz Updated Jul 14, 2016

Support Sporcle.
Go Orange.
Score 0/32 Timer 06:00
23 Plays Today
% Correct
California
92%
Canada
91.6%
Colorado
88.6%
China
87.3%
Central African Republic
86.1%
Connecticut
86.1%
Chile
84.9%
Colombia
84.5%
Cambodia
80.9%
Czechia
80.2%
Chad
79.6%
Cameroon
77.6%
Croatia
74.9%
Cuba
74.8%
Costa Rica
71.9%
Cyprus
71.1%
% Correct
Comoros
69.9%
Columbus
66.3%
Columbia
66.1%
Cabo Verde
63.8%
Cairo
59.3%
Canberra
58.9%
Côte d'Ivoire
58.8%
Carson City
58.2%
Charleston
57%
Caracas
54.7%
Cheyenne
53.4%
Copenhagen
51.7%
Concord
50.9%
Chisinau
43.3%
Castries
38.7%
Conakry
35.6%

You're not logged in!

Compare scores with friends on all Sporcle quizzes.
OR
Log In
Forgot?

From the Vault

American Pie Clicky-oke

by manonthemoon

Music 9m
Don't let Weird Al and the jedis get in your head.
Remove Ads.
Support Sporcle.
Get the best of Sporcle when you Go Orange. This ad-free experience offers more features, more stats, and more fun while also helping to support Sporcle. Thank you for becoming a member.

Show Comments

Extras

Top Quizzes Today


Score Distribution

Your Account Isn't Verified!

In order to create a playlist on Sporcle, you need to verify the email address you used during registration. Go to your Sporcle Settings to finish the process.

Report this User

Report this user for behavior that violates our Community Guidelines.

Details: